Datum a čas kvízu
35
Celkem bodů
Celkový počet nahraných bodů na tomto kvízu bez doplňovacích otázek.
4.
Pořadí na kvízu
Konečné umístění týmu na tomto kvízu.
Zaznamenané odpovědi
| # | Otázka | Odpověď | Body | Výsledky |
|---|---|---|---|---|
| 1. | Poslední květnový den vyvrchol... | bábovka (#babovkovyden) | 1 | |
| 2. | Kolumbijský parlament odhlasov... | D) býčích zápasů | 1 | |
| 3. | Ve čtvrtek měl v kinech premié... | Princezna na hrášku | 0 | |
| 4. | Kvůli nařízení Evropské unie t... | Alfa Romeo | 1 | |
| 5. | Minulý týden se dostala do méd... | David Limberský | 1 | |
| 6. | Kterým výrazem na písmeno M se... | mixologie | 1 | |
| 7. | Ernest Hemingway měl údajně v... | Daiquiri | 1 | |
| 8. | Oblíbenou složkou míchaných ná... | pomeranči | 0 | |
| 9. | Ve filmu Někdo to rád horké se... | Manhattan | 1 | |
| 10. | V poslední otázce se podíváme... | vaječný likér; griotku | 1 |